[Event "OEISM 0818 BLMM"]
[Site "austriablmm"]
[Date "2020.12.12"]
[Round "9"]
[White "Julian17"]
[Black "Cachri"]
[Result "1/2-1/2"]
[WhiteElo "1812"]
[BlackElo "1577"]
[Annotator "NA"]
[PlyCount "63"]
[EventDate "2020.12.12"]
[EventType "blitz"]

1. e4 {[%emt 0:00:02]} d6 {[%emt 0:00:05]} 2. d4 {[%emt 0:00:02]} Nf6 {[%emt 0:00:01]} 3. Nc3 {[%emt 0:00:02]} g6 {[%emt 0:00:01]} 4. f4 {[%emt 0:00:01]} Bg7 {[%emt 0:00:01]} 5. Nf3 {[%emt 0:00:01]} O-O {[%emt 0:00:01]} 6. Bc4 {[%emt 0:00:03]} Na6 {[%emt 0:00:05]} 7. e5 {[%emt 0:00:07]} dxe5 {[%emt 0:00:09]} 8. fxe5 {[%emt 0:00:03]} Nd7 {[%emt 0:00:34]} 9. e6 {[%emt 0:00:26]} Nb6 {[%emt 0:00:21]} 10. exf7+ {[%emt 0:00:05]} Kh8 {[%emt 0:00:01]} 11. Bb3 {[%emt 0:00:07]} Bg4 {[%emt 0:00:29]} 12. Be3 {[%emt 0:00:06]} Nb4 {[%emt 0:00:25]} 13. O-O {[%emt 0:00:47]} N4d5 {[%emt 0:00:32]} 14. Nxd5 {[%emt 0:00:31]} Nxd5 {[%emt 0:00:00]} 15. Bxd5 {[%emt 0:00:12]} Qxd5 {[%emt 0:00:00]} 16. c3 {[%emt 0:00:04]} Rxf7 {[%emt 0:00:26]} 17. h3 {[%emt 0:00:14]} Bxf3 {[%emt 0:00:56]} 18. Rxf3 {[%emt 0:00:09]} Rxf3 {[%emt 0:00:36]} 19. Qxf3 {[%emt 0:00:04]} Qxf3 {[%emt 0:00:07]} 20. gxf3 {[%emt 0:00:00]} Kg8 {[%emt 0:00:02]} 21. Kf2 {[%emt 0:00:17]} Kf7 {[%emt 0:00:01]} 22. f4 {[%emt 0:00:16]} e6 {[%emt 0:00:07]} 23. Kf3 {[%emt 0:00:05]} Rd8 {[%emt 0:00:07]} 24. Ke4 {[%emt 0:00:12]} c6 {[%emt 0:00:11]} 25. Rh1 {[%emt 0:00:18]} Rd5 {[%emt 0:00:20]} 26. c4 {[%emt 0:00:56]} Rf5 {[%emt 0:00:05]} 27. Rh2 {[%emt 0:00:30]} Rh5 {[%emt 0:00:20]} 28. Kf3 {[%emt 0:01:39]} Rf5 {[%emt 0:00:16]} 29. Ke4 {[%emt 0:00:05]} Rh5 {[%emt 0:00:02]} 30. Kf3 {[%emt 0:00:37]} Rf5 {[%emt 0:00:02]} 31. Kg3 {[%emt 0:01:27]} Bf6 {[%emt 0:00:23]} 32. h4 {[%emt 0:00:16] Julian17 offers a draw} 1/2-1/2

[Event "OEISM 0818 BLMM"]
[Site "austriablmm"]
[Date "2020.12.12"]
[Round "9"]
[White "Peter Balint"]
[Black "Lukas-2010"]
[Result "0-1"]
[WhiteElo "1791"]
[BlackElo "1934"]
[Annotator "NA"]
[PlyCount "108"]
[EventDate "2020.12.12"]
[EventType "blitz"]

1. e4 {[%emt 0:00:02]} e5 {[%emt 0:00:04]} 2. Nf3 {[%emt 0:00:02]} Nc6 {[%emt 0:00:01]} 3. Bb5 {[%emt 0:00:01]} a6 {[%emt 0:00:03]} 4. Ba4 {[%emt 0:00:01]} Nf6 {[%emt 0:00:03]} 5. O-O {[%emt 0:00:01]} Be7 {[%emt 0:00:04]} 6. Re1 {[%emt 0:00:02]} b5 {[%emt 0:00:03]} 7. Bb3 {[%emt 0:00:01]} O-O {[%emt 0:00:01]} 8. a4 {[%emt 0:00:04]} Rb8 {[%emt 0:00:05]} 9. axb5 {[%emt 0:00:10]} axb5 {[%emt 0:00:03]} 10. h3 {[%emt 0:00:04]} d6 {[%emt 0:00:04]} 11. c3 {[%emt 0:00:03]} Re8 {[%emt 0:00:08]} 12. d4 {[%emt 0:00:03]} Bf8 {[%emt 0:00:06]} 13. d5 {[%emt 0:00:55]} Ne7 {[%emt 0:00:02]} 14. Bg5 {[%emt 0:00:09]} Ng6 {[%emt 0:00:03]} 15. Be3 {[%emt 0:00:07]} Nh5 {[%emt 0:00:39]} 16. Nbd2 {[%emt 0:00:41]} Nhf4 {[%emt 0:00:13]} 17. Qc2 {[%emt 0:00:16]} Nh4 {[%emt 0:00:32]} 18. Bxf4 {[%emt 0:00:09]} exf4 {[%emt 0:00:11]} 19. Nxh4 {[%emt 0:00:07]} Qxh4 {[%emt 0:00:00]} 20. Nf3 {[%emt 0:00:02]} Qh5 {[%emt 0:00:03]} 21. Nd4 {[%emt 0:00:06]} Qg6 {[%emt 0:00:18]} 22. Kh2 {[%emt 0:00:13]} Bd7 {[%emt 0:00:11]} 23. Ra7 {[%emt 0:00:14]} Rbc8 {[%emt 0:00:15]} 24. Qd3 {[%emt 0:00:20]} Re5 {[%emt 0:00:28]} 25. Nf3 {[%emt 0:00:26]} Rh5 {[%emt 0:00:06]} 26. Bc2 {[%emt 0:00:06]} f5 {[%emt 0:00:25]} 27. e5 {[%emt 0:00:08]} Be7 {[%emt 0:00:30]} 28. e6 {[%emt 0:00:09]} Be8 {[%emt 0:00:09]} 29. Nd4 {[%emt 0:00:19]} Qf6 {[%emt 0:00:38]} 30. Nxf5 {[%emt 0:01:06]} Bg6 {[%emt 0:00:10]} 31. Nxe7+ {[%emt 0:00:03]} Qxe7 {[%emt 0:00:00]} 32. Qe2 {[%emt 0:00:04]} Rxd5 {[%emt 0:00:17]} 33. Bb3 {[%emt 0:00:44]} Re5 {[%emt 0:00:10]} 34. Qd2 {[%emt 0:00:01]} Rxe1 {[%emt 0:01:03]} 35. Qxe1 {[%emt 0:00:00]} f3 {[%emt 0:00:14]} 36. g3 {[%emt 0:00:49]} d5 {[%emt 0:00:48]} 37. Qe3 {[%emt 0:00:29]} Be4 {[%emt 0:00:24]} 38. Qf4 {[%emt 0:00:21]} Qc5 {[%emt 0:00:22]} 39. Qe3 {[%emt 0:00:45]} Qxe3 {[%emt 0:00:02]} 40. fxe3 {[%emt 0:00:00]} f2 {[%emt 0:00:03]} 41. Ra1 {[%emt 0:00:02]} Bd3 {[%emt 0:00:16]} 42. Kg2 {[%emt 0:00:02]} f1=Q+ {[%emt 0:00:03]} 43. Rxf1 {[%emt 0:00:02]} Bxf1+ {[%emt 0:00:00]} 44. Kxf1 {[%emt 0:00:00]} c6 {[%emt 0:00:03]} 45. Kg2 {[%emt 0:00:04]} Re8 {[%emt 0:00:05]} 46. e4 {[%emt 0:00:09]} Rxe6 {[%emt 0:00:24]} 47. exd5 {[%emt 0:00:15]} Re2+ {[%emt 0:00:02]} 48. Kf3 {[%emt 0:00:01]} Rxb2 {[%emt 0:00:01]} 49. d6+ {[%emt 0:00:15]} Kf8 {[%emt 0:00:03]} 50. Be6 {[%emt 0:00:03]} Rc2 {[%emt 0:00:09]} 51. Kf4 {[%emt 0:00:17]} Rxc3 {[%emt 0:00:09]} 52. h4 {[%emt 0:00:02]} b4 {[%emt 0:00:04]} 53. g4 {[%emt 0:00:01]} b3 {[%emt 0:00:01]} 54. Ke5 {[%emt 0:00:01]} Re3+ {[%emt 0:00:03] Peter Balint resigns} 0-1

[Event "OEISM 0818 BLMM"]
[Site "austriablmm"]
[Date "2020.12.12"]
[Round "9"]
[White "Kriasi"]
[Black "Matschi2006"]
[Result "1/2-1/2"]
[WhiteElo "1764"]
[BlackElo "1747"]
[Annotator "NA"]
[PlyCount "158"]
[EventDate "2020.12.12"]
[EventType "blitz"]

1. e4 {[%emt 0:00:03]} c6 {[%emt 0:00:02]} 2. d4 {[%emt 0:00:03]} d5 {[%emt 0:00:00]} 3. Nc3 {[%emt 0:00:01]} dxe4 {[%emt 0:00:03]} 4. Nxe4 {[%emt 0:00:00]} Nf6 {[%emt 0:00:00]} 5. Nxf6+ {[%emt 0:00:02]} exf6 {[%emt 0:00:01]} 6. Nf3 {[%emt 0:00:06]} Bd6 {[%emt 0:00:03]} 7. Be2 {[%emt 0:00:11]} O-O {[%emt 0:00:03]} 8. O-O {[%emt 0:00:02]} Bg4 {[%emt 0:00:04]} 9. Be3 {[%emt 0:00:07]} Nd7 {[%emt 0:00:01]} 10. h3 {[%emt 0:00:07]} Bh5 {[%emt 0:00:01]} 11. Nd2 {[%emt 0:00:16]} Bxe2 {[%emt 0:00:03]} 12. Qxe2 {[%emt 0:00:02]} Re8 {[%emt 0:00:00]} 13. Qd3 {[%emt 0:00:05]} Nf8 {[%emt 0:00:02]} 14. Ne4 {[%emt 0:00:06]} Bb8 {[%emt 0:00:09]} 15. Rfe1 {[%emt 0:00:08]} Ng6 {[%emt 0:00:03]} 16. Nd2 {[%emt 0:00:18]} Bc7 {[%emt 0:00:04]} 17. Rad1 {[%emt 0:00:08]} Qd7 {[%emt 0:00:03]} 18. Nf3 {[%emt 0:00:13]} Rad8 {[%emt 0:00:03]} 19. c3 {[%emt 0:00:14]} Qd6 {[%emt 0:00:27]} 20. Bd2 {[%emt 0:00:51]} Ne5 {[%emt 0:01:01]} 21. Nxe5 {[%emt 0:00:32]} fxe5 {[%emt 0:00:03]} 22. Qe2 {[%emt 0:00:20]} h6 {[%emt 0:00:33]} 23. dxe5 {[%emt 0:00:14]} Rxe5 {[%emt 0:00:25]} 24. Qxe5 {[%emt 0:00:12]} Qxe5 {[%emt 0:00:09]} 25. Rxe5 {[%emt 0:00:01]} Bxe5 {[%emt 0:00:01]} 26. Kf1 {[%emt 0:00:01] Matschi2006 offers a draw} Kf8 {[%emt 0:00:56]} 27. Ke2 {[%emt 0:00:04]} Ke7 {[%emt 0:00:04]} 28. Be3 {[%emt 0:00:13]} Rxd1 {[%emt 0:00:07]} 29. Kxd1 {[%emt 0:00:00]} a6 {[%emt 0:00:01]} 30. Kd2 {[%emt 0:00:10]} Ke6 {[%emt 0:00:01]} 31. Kd3 {[%emt 0:00:02]} Kd5 {[%emt 0:00:12]} 32. c4+ {[%emt 0:00:05]} Ke6 {[%emt 0:00:04]} 33. b3 {[%emt 0:00:01]} Bc7 {[%emt 0:00:10]} 34. Ke4 {[%emt 0:00:10]} f5+ {[%emt 0:00:09]} 35. Kd3 {[%emt 0:00:03]} h5 {[%emt 0:00:14]} 36. b4 {[%emt 0:00:26]} Bd6 {[%emt 0:00:30]} 37. c5 {[%emt 0:00:04]} Bc7 {[%emt 0:00:08]} 38. Kc4 {[%emt 0:00:12]} Ke5 {[%emt 0:00:10]} 39. Bd4+ {[%emt 0:00:06]} Ke4 {[%emt 0:00:14]} 40. Bxg7 {[%emt 0:00:03]} Bd8 {[%emt 0:00:10]} 41. Bh6 {[%emt 0:00:43]} f4 {[%emt 0:00:37]} 42. a4 {[%emt 0:00:20]} Bh4 {[%emt 0:00:21]} 43. b5 {[%emt 0:01:57]} Bxf2 {[%emt 0:00:18]} 44. bxc6 {[%emt 0:00:46]} bxc6 {[%emt 0:00:04]} 45. Kb4 {[%emt 0:00:07]} Be1+ {[%emt 0:00:05]} 46. Kc4 {[%emt 0:00:03]} Bh4 {[%emt 0:01:21]} 47. Kb4 {[%emt 0:00:25]} Bd8 {[%emt 0:00:02]} 48. Kc4 {[%emt 0:00:08]} Bc7 {[%emt 0:00:02]} 49. Kc3 {[%emt 0:00:32]} Kd5 {[%emt 0:00:08]} 50. Bf8 {[%emt 0:00:06]} Ke4 {[%emt 0:00:34]} 51. Kd2 {[%emt 0:00:23]} Ba5+ {[%emt 0:00:35]} 52. Ke2 {[%emt 0:00:05]} Bb4 {[%emt 0:00:01]} 53. Bd6 {[%emt 0:00:06]} Ba3 {[%emt 0:00:17]} 54. Kf2 {[%emt 0:00:13]} Bb2 {[%emt 0:00:09]} 55. Ke2 {[%emt 0:00:36]} Bd4 {[%emt 0:00:23]} 56. Be7 {[%emt 0:00:14]} Kd5 {[%emt 0:00:29]} 57. Bd6 {[%emt 0:00:01]} Bxc5 {[%emt 0:00:31]} 58. Bxf4 {[%emt 0:00:02]} Bf8 {[%emt 0:00:02]} 59. Kf3 {[%emt 0:00:02]} Kd4 {[%emt 0:00:10]} 60. g4 {[%emt 0:00:01]} hxg4+ {[%emt 0:00:01]} 61. hxg4 {[%emt 0:00:00]} c5 {[%emt 0:00:05]} 62. Ke2 {[%emt 0:00:00]} Bg7 {[%emt 0:00:10]} 63. Kd2 {[%emt 0:00:05]} Kc4 {[%emt 0:00:01]} 64. Bc7 {[%emt 0:00:05]} Kb4 {[%emt 0:00:02]} 65. a5 {[%emt 0:00:02]} Kb3 {[%emt 0:00:04]} 66. Bf4 {[%emt 0:00:12]} c4 {[%emt 0:00:02]} 67. Kd1 {[%emt 0:00:01]} Kb2 {[%emt 0:00:02]} 68. Bc1+ {[%emt 0:00:02]} Kb1 {[%emt 0:00:03]} 69. g5 {[%emt 0:00:01]} c3 {[%emt 0:00:01]} 70. Be3 {[%emt 0:00:07]} c2+ {[%emt 0:00:03]} 71. Ke2 {[%emt 0:00:01]} c1=Q {[%emt 0:00:06]} 72. Bxc1 {[%emt 0:00:01]} Kxc1 {[%emt 0:00:00]} 73. Kd3 {[%emt 0:00:00]} Kb2 {[%emt 0:00:05]} 74. Kc4 {[%emt 0:00:00]} Ka3 {[%emt 0:00:05]} 75. Kc5 {[%emt 0:00:01]} Ka4 {[%emt 0:00:02]} 76. Kb6 {[%emt 0:00:01]} Bc3 {[%emt 0:00:03]} 77. Kxa6 {[%emt 0:00:01]} Bxa5 {[%emt 0:00:02]} 78. g6 {[%emt 0:00:01]} Bc3 {[%emt 0:00:00] Kriasi offers a draw} 79. g7 {[%emt 0:00:03]} Bxg7 {[%emt 0:00:02] No Material No Material} 1/2-1/2

[Event "OEISM 0818 BLMM"]
[Site "austriablmm"]
[Date "2020.12.12"]
[Round "9"]
[White "Wimmer Michael"]
[Black "Maryam2010"]
[Result "0-1"]
[WhiteElo "1737"]
[BlackElo "1561"]
[Annotator "NA"]
[PlyCount "82"]
[EventDate "2020.12.12"]
[EventType "blitz"]

1. e4 {[%emt 0:00:04]} c5 {[%emt 0:00:02]} 2. Nf3 {[%emt 0:00:02]} Nc6 {[%emt 0:00:01]} 3. d4 {[%emt 0:00:02]} cxd4 {[%emt 0:00:02]} 4. Nxd4 {[%emt 0:00:02]} g6 {[%emt 0:00:01]} 5. Nc3 {[%emt 0:00:03]} Bg7 {[%emt 0:00:01]} 6. Be3 {[%emt 0:00:02]} Nf6 {[%emt 0:00:02]} 7. Be2 {[%emt 0:00:05]} Qa5 {[%emt 0:00:08]} 8. O-O {[%emt 0:00:08]} O-O {[%emt 0:00:17]} 9. Qd2 {[%emt 0:00:08]} Nxe4 {[%emt 0:00:39]} 10. Nxe4 {[%emt 0:00:12]} Qxd2 {[%emt 0:00:04]} 11. Bxd2 {[%emt 0:00:21]} Nxd4 {[%emt 0:00:09]} 12. Bd3 {[%emt 0:00:08]} d5 {[%emt 0:00:06]} 13. Nc3 {[%emt 0:00:19]} Be6 {[%emt 0:00:11]} 14. Rfe1 {[%emt 0:00:15]} Rac8 {[%emt 0:00:13]} 15. Bg5 {[%emt 0:00:32]} Rfe8 {[%emt 0:00:14]} 16. Rad1 {[%emt 0:00:15]} a6 {[%emt 0:00:18]} 17. h3 {[%emt 0:00:33]} b5 {[%emt 0:00:36]} 18. a3 {[%emt 0:00:06]} a5 {[%emt 0:00:52]} 19. Be3 {[%emt 0:01:48]} b4 {[%emt 0:00:10]} 20. axb4 {[%emt 0:00:15]} axb4 {[%emt 0:00:04]} 21. Bxd4 {[%emt 0:00:12]} Bxd4 {[%emt 0:00:03]} 22. Nb5 {[%emt 0:00:13]} Bxb2 {[%emt 0:00:10]} 23. Rb1 {[%emt 0:00:13]} Bc3 {[%emt 0:00:24]} 24. Re3 {[%emt 0:00:15]} d4 {[%emt 0:00:25]} 25. Re2 {[%emt 0:00:29]} Ba2 {[%emt 0:00:13]} 26. Nxc3 {[%emt 0:00:18]} bxc3 {[%emt 0:00:19]} 27. Rb4 {[%emt 0:00:10]} e5 {[%emt 0:00:13]} 28. Rb5 {[%emt 0:00:29]} Bc4 {[%emt 0:00:10]} 29. Rbxe5 {[%emt 0:00:15]} Rxe5 {[%emt 0:00:07]} 30. Rxe5 {[%emt 0:00:01]} Bxd3 {[%emt 0:00:03]} 31. Rd5 {[%emt 0:00:16]} Bxc2 {[%emt 0:00:10]} 32. Rxd4 {[%emt 0:00:03]} Bb3 {[%emt 0:00:03]} 33. Rb4 {[%emt 0:00:03]} c2 {[%emt 0:00:09]} 34. Rxb3 {[%emt 0:00:02]} c1=Q+ {[%emt 0:00:03]} 35. Kh2 {[%emt 0:00:00]} Qf4+ {[%emt 0:00:06]} 36. Rg3 {[%emt 0:00:02]} Rc3 {[%emt 0:00:07]} 37. f3 {[%emt 0:00:06]} h5 {[%emt 0:00:09]} 38. h4 {[%emt 0:00:05]} g5 {[%emt 0:00:07]} 39. hxg5 {[%emt 0:00:06]} h4 {[%emt 0:00:08]} 40. g6 {[%emt 0:00:01]} Qxg3+ {[%emt 0:00:02]} 41. Kh1 {[%emt 0:00:01]} Rc1# {[%emt 0:00:02] Mate Mate} 0-1

[Event "OEISM 0818 BLMM"]
[Site "austriablmm"]
[Date "2020.12.12"]
[Round "9"]
[White "Moritz_Pernerstorfer"]
[Black "Daniel05"]
[Result "0-1"]
[WhiteElo "1716"]
[BlackElo "1876"]
[Annotator "NA"]
[PlyCount "78"]
[EventDate "2020.12.12"]
[EventType "blitz"]

1. e4 {[%emt 0:00:12]} e6 {[%emt 0:00:04]} 2. d4 {[%emt 0:00:02]} d5 {[%emt 0:00:01]} 3. Nd2 {[%emt 0:00:03]} c5 {[%emt 0:00:01]} 4. exd5 {[%emt 0:00:15]} Qxd5 {[%emt 0:00:00]} 5. Ngf3 {[%emt 0:00:04]} cxd4 {[%emt 0:00:01]} 6. Bc4 {[%emt 0:00:01]} Qd8 {[%emt 0:00:01]} 7. O-O {[%emt 0:00:06]} a6 {[%emt 0:00:01]} 8. Nb3 {[%emt 0:00:24]} Nc6 {[%emt 0:00:03]} 9. Nbxd4 {[%emt 0:00:09]} Nxd4 {[%emt 0:00:00]} 10. Qxd4 {[%emt 0:00:03]} Qxd4 {[%emt 0:00:07]} 11. Nxd4 {[%emt 0:00:02]} Bd7 {[%emt 0:00:00]} 12. Be3 {[%emt 0:00:23]} Rc8 {[%emt 0:00:02]} 13. Bb3 {[%emt 0:00:03]} Nf6 {[%emt 0:00:06]} 14. Rad1 {[%emt 0:00:31]} Bc5 {[%emt 0:00:38]} 15. c3 {[%emt 0:00:25]} O-O {[%emt 0:00:10]} 16. Nc2 {[%emt 0:00:19]} Be7 {[%emt 0:00:22]} 17. Bg5 {[%emt 0:01:14]} Bb5 {[%emt 0:00:29]} 18. Rfe1 {[%emt 0:00:12]} h6 {[%emt 0:00:01]} 19. Be3 {[%emt 0:00:07]} Bc6 {[%emt 0:00:14]} 20. Nd4 {[%emt 0:00:08]} Bd5 {[%emt 0:00:05]} 21. Bd2 {[%emt 0:00:46]} Bc5 {[%emt 0:00:22]} 22. Bxd5 {[%emt 0:00:27]} Nxd5 {[%emt 0:00:00]} 23. Nb3 {[%emt 0:00:07]} Ba7 {[%emt 0:00:08]} 24. Kf1 {[%emt 0:00:24]} Rfd8 {[%emt 0:00:33]} 25. Bc1 {[%emt 0:00:08]} Kf8 {[%emt 0:00:16]} 26. Ke2 {[%emt 0:00:09]} Ke7 {[%emt 0:00:05]} 27. Rd3 {[%emt 0:01:00]} b5 {[%emt 0:01:20]} 28. Rg3 {[%emt 0:00:32]} g5 {[%emt 0:00:34]} 29. Rd1 {[%emt 0:02:13]} Bb6 {[%emt 0:00:48]} 30. Nd4 {[%emt 0:00:26]} b4 {[%emt 0:01:20]} 31. Bd2 {[%emt 0:00:26]} Bxd4 {[%emt 0:00:13]} 32. cxd4 {[%emt 0:00:03]} Rc2 {[%emt 0:00:01]} 33. Rb3 {[%emt 0:00:06]} a5 {[%emt 0:00:04]} 34. Kd3 {[%emt 0:00:03]} Rdc8 {[%emt 0:00:15]} 35. Be1 {[%emt 0:00:02]} Nf4+ {[%emt 0:00:11]} 36. Ke4 {[%emt 0:00:06]} Nxg2 {[%emt 0:00:06]} 37. a3 {[%emt 0:00:04]} Re2+ {[%emt 0:00:07]} 38. Kf3 {[%emt 0:00:02]} Rxe1 {[%emt 0:00:02]} 39. Rxe1 {[%emt 0:00:03]} Nxe1+ {[%emt 0:00:00] Moritz_Pernerstorfer resigns} 0-1

[Event "OEISM 0818 BLMM"]
[Site "austriablmm"]
[Date "2020.12.12"]
[Round "9"]
[White "Martinovicdavid"]
[Black "Chessellis"]
[Result "0-1"]
[WhiteElo "1706"]
[BlackElo "1682"]
[Annotator "NA RC"]
[PlyCount "124"]
[EventDate "2020.12.12"]
[EventType "blitz"]

1. e4 {[%emt 0:00:04]} c5 {[%emt 0:00:01]} 2. Nf3 {[%emt 0:00:03]} d6 {[%emt 0:00:02]} 3. d4 {[%emt 0:00:01]} cxd4 {[%emt 0:00:02]} 4. Nxd4 {[%emt 0:00:03]} Nf6 {[%emt 0:00:01]} 5. Nc3 {[%emt 0:00:04]} g6 {[%emt 0:00:01]} 6. Be3 {[%emt 0:00:10]} Bg7 {[%emt 0:00:02]} 7. Bb5+ {[%emt 0:00:04]} Bd7 {[%emt 0:00:04]} 8. O-O {[%emt 0:00:09]} O-O {[%emt 0:00:08]} 9. h3 {[%emt 0:00:25]} Qa5 {[%emt 0:00:17]} 10. Bxd7 {[%emt 0:00:36]} Nbxd7 {[%emt 0:00:00]} 11. Re1 {[%emt 0:00:06]} Rac8 {[%emt 0:00:07]} 12. Qd2 {[%emt 0:00:53]} Ne5 {[%emt 0:00:33]} 13. Nd5 {[%emt 0:00:58]} Qd8 {[%emt 0:00:55]} 14. Nxf6+ {[%emt 0:01:24]} Bxf6 {[%emt 0:00:05]} 15. c3 {[%emt 0:00:19]} Nc4 {[%emt 0:00:11]} 16. Qe2 {[%emt 0:00:11]} Nxe3 {[%emt 0:00:31]} 17. Qxe3 {[%emt 0:00:09]} Bg7 {[%emt 0:00:12]} 18. Nb5 {[%emt 0:00:19]} a6 {[%emt 0:00:18]} 19. Nd4 {[%emt 0:00:06]} Qa5 {[%emt 0:00:56]} 20. Nb3 {[%emt 0:00:57]} Qa4 {[%emt 0:00:46]} 21. Qb6 {[%emt 0:00:23]} Qc6 {[%emt 0:00:43]} 22. Qxc6 {[%emt 0:00:10]} Rxc6 {[%emt 0:00:03]} 23. Na5 {[%emt 0:00:33]} Rc7 {[%emt 0:00:08]} 24. Rac1 {[%emt 0:00:09]} Rb8 {[%emt 0:00:10]} 25. Nb3 {[%emt 0:00:10]} b5 {[%emt 0:00:07]} 26. Nd4 {[%emt 0:00:04]} Rbc8 {[%emt 0:00:12]} 27. Nf3 {[%emt 0:00:08]} b4 {[%emt 0:00:05]} 28. e5 {[%emt 0:00:12]} dxe5 {[%emt 0:00:08]} 29. Nxe5 {[%emt 0:00:06]} bxc3 {[%emt 0:00:16]} 30. bxc3 {[%emt 0:00:17]} Rxc3 {[%emt 0:00:00] Martinovicdavid offers a draw} 31. Nd3 {[%emt 0:01:09]} e6 {[%emt 0:00:13]} 32. Kh2 {[%emt 0:00:17]} Rc2 {[%emt 0:00:48]} 33. Rxc2 {[%emt 0:00:16]} Rxc2 {[%emt 0:00:02]} 34. Nb4 {[%emt 0:00:03]} Rxf2 {[%emt 0:00:02]} 35. Rc1 {[%emt 0:00:15]} Be5+ {[%emt 0:00:09]} 36. Kg1 {[%emt 0:00:09]} Rb2 {[%emt 0:00:10]} 37. Rc8+ {[%emt 0:00:06]} Kg7 {[%emt 0:00:02]} 38. Nxa6 {[%emt 0:00:10]} Rxa2 {[%emt 0:00:06]} 39. Nb4 {[%emt 0:00:02]} Rb2 {[%emt 0:00:06]} 40. Nd3 {[%emt 0:00:04]} Rb5 {[%emt 0:00:07]} 41. Kf2 {[%emt 0:00:06]} Bd4+ {[%emt 0:00:05]} 42. Kf3 {[%emt 0:00:01]} Rb3 {[%emt 0:00:03]} 43. Ke4 {[%emt 0:00:02]} Bf6 {[%emt 0:00:07]} 44. Nc5 {[%emt 0:00:03]} Rb2 {[%emt 0:00:05]} 45. g4 {[%emt 0:00:03]} Rh2 {[%emt 0:00:04]} 46. Nd7 {[%emt 0:00:10]} Rxh3 {[%emt 0:00:04]} 47. g5 {[%emt 0:00:03]} Bxg5 {[%emt 0:00:06]} 48. Ke5 {[%emt 0:00:01]} h5 {[%emt 0:00:05]} 49. Kd6 {[%emt 0:00:04]} h4 {[%emt 0:00:03]} 50. Ne5 {[%emt 0:00:02]} Rg3 {[%emt 0:00:09]} 51. Rc7 {[%emt 0:00:04]} h3 {[%emt 0:00:24]} 52. Rxf7+ {[%emt 0:00:03]} Kg8 {[%emt 0:00:08]} 53. Rd7 {[%emt 0:00:05]} h2 {[%emt 0:00:05]} 54. Nxg6 {[%emt 0:00:03]} h1=Q {[%emt 0:00:10]} 55. Kxe6 {[%emt 0:00:02]} Qh3+ {[%emt 0:00:04]} 56. Kd6 {[%emt 0:00:04]} Rd3+ {[%emt 0:00:03]} 57. Kc6 {[%emt 0:00:02]} Qxd7+ {[%emt 0:00:04]} 58. Kc5 {[%emt 0:00:02]} Rc3+ {[%emt 0:00:02]} 59. Kb4 {[%emt 0:00:02]} Qc7 {[%emt 0:00:06]} 60. Ne5 {[%emt 0:00:08]} Rc1 {[%emt 0:00:05]} 61. Nd3 {[%emt 0:00:02]} Rb1+ {[%emt 0:00:02]} 62. Ka3 {[%emt 0:00:03]} Qa7# {[%emt 0:00:02] Mate Mate} 0-1

[Event "OEISM 0818 BLMM"]
[Site "austriablmm"]
[Date "2020.12.12"]
[Round "9"]
[White "Goldene Leune"]
[Black "Jorei"]
[Result "0-1"]
[WhiteElo "1691"]
[BlackElo "1824"]
[Annotator "NA RC"]
[PlyCount "32"]
[EventDate "2020.12.12"]
[EventType "blitz"]

1. d4 {[%emt 0:00:04]} d5 {[%emt 0:00:03]} 2. Nf3 {[%emt 0:00:02]} Nc6 {[%emt 0:00:03]} 3. e3 {[%emt 0:00:01]} Bf5 {[%emt 0:00:03]} 4. c4 {[%emt 0:00:02]} Nf6 {[%emt 0:00:22]} 5. Nc3 {[%emt 0:00:02]} dxc4 {[%emt 0:00:10]} 6. Bxc4 {[%emt 0:00:02]} e6 {[%emt 0:00:26]} 7. O-O {[%emt 0:00:04]} Bd6 {[%emt 0:00:13]} 8. Bd2 {[%emt 0:00:04]} O-O {[%emt 0:00:03]} 9. Qe2 {[%emt 0:00:06]} a6 {[%emt 0:00:25]} 10. e4 {[%emt 0:00:02]} Bg4 {[%emt 0:00:25]} 11. e5 {[%emt 0:00:04]} Nxd4 {[%emt 0:00:01]} 12. Qe4 {[%emt 0:00:11]} Nxe4 {[%emt 0:00:05]} 13. Nxd4 {[%emt 0:00:02]} Nxc3 {[%emt 0:00:04]} 14. Bxc3 {[%emt 0:00:02]} Bxe5 {[%emt 0:00:01]} 15. f3 {[%emt 0:00:03]} Bxd4+ {[%emt 0:00:02]} 16. Bxd4 {[%emt 0:00:06]} Qxd4+ {[%emt 0:00:02] Goldene Leune resigns} 0-1

[Event "OEISM 0818 BLMM"]
[Site "austriablmm"]
[Date "2020.12.12"]
[Round "9"]
[White "Viktor09"]
[Black "gritschb"]
[Result "1-0"]
[WhiteElo "1686"]
[BlackElo "1527"]
[Annotator "NA"]
[PlyCount "61"]
[EventDate "2020.12.12"]
[EventType "blitz"]

1. e4 {[%emt 0:00:04]} c5 {[%emt 0:00:03]} 2. Nf3 {[%emt 0:00:04]} Nc6 {[%emt 0:00:02]} 3. d4 {[%emt 0:00:01]} cxd4 {[%emt 0:00:02]} 4. Nxd4 {[%emt 0:00:00]} Nf6 {[%emt 0:00:01]} 5. Nc3 {[%emt 0:00:02]} g6 {[%emt 0:00:04]} 6. f3 {[%emt 0:00:08]} Bg7 {[%emt 0:00:06]} 7. Be3 {[%emt 0:00:02]} O-O {[%emt 0:00:02]} 8. Qd2 {[%emt 0:00:06]} d5 {[%emt 0:00:03]} 9. Nxc6 {[%emt 0:00:25]} bxc6 {[%emt 0:00:07]} 10. O-O-O {[%emt 0:00:17]} e5 {[%emt 0:00:10]} 11. exd5 {[%emt 0:00:06]} cxd5 {[%emt 0:00:09]} 12. Nxd5 {[%emt 0:00:01]} Nxd5 {[%emt 0:00:11]} 13. Qxd5 {[%emt 0:00:00]} Be6 {[%emt 0:00:04]} 14. Qxd8 {[%emt 0:00:07]} Rfxd8 {[%emt 0:00:02]} 15. Rxd8+ {[%emt 0:00:01]} Rxd8 {[%emt 0:00:02]} 16. Bd3 {[%emt 0:00:01]} Bxa2 {[%emt 0:00:21]} 17. Bxa7 {[%emt 0:00:12]} Ra8 {[%emt 0:00:07]} 18. Be3 {[%emt 0:00:03]} Bd5 {[%emt 0:00:14]} 19. Kd2 {[%emt 0:00:04]} f5 {[%emt 0:00:06]} 20. c4 {[%emt 0:00:08]} Bc6 {[%emt 0:00:03]} 21. Kc2 {[%emt 0:00:04]} Ra2 {[%emt 0:00:06]} 22. Kb3 {[%emt 0:00:09]} Ra8 {[%emt 0:00:04]} 23. c5 {[%emt 0:00:13]} Rb8+ {[%emt 0:00:03]} 24. Kc2 {[%emt 0:00:03]} Ba4+ {[%emt 0:00:03]} 25. Kc1 {[%emt 0:00:06]} Bc6 {[%emt 0:00:04]} 26. Bc4+ {[%emt 0:00:03]} Kf8 {[%emt 0:00:03]} 27. Rd1 {[%emt 0:00:06]} Bf6 {[%emt 0:00:04]} 28. Rd6 {[%emt 0:00:04]} Bxf3 {[%emt 0:00:19]} 29. Rxf6+ {[%emt 0:00:05]} Ke7 {[%emt 0:00:04]} 30. Rf7+ {[%emt 0:00:04]} Ke8 {[%emt 0:00:04]} 31. gxf3 {[%emt 0:00:01] gritschb resigns} 1-0